Farm incomes in the United Kingdom 1997/98- (Record no. 104312)

MARC details
000 -LEADER
fixed length control field 00676cam a2200181 4500
001 - CONTROL NUMBER
control field L129944
008 - FIXED-LENGTH DATA ELEMENTS--GENERAL INFORMATION
fixed length control field 050607n1997 000 0 eng u
035 ## - SYSTEM CONTROL NUMBER
System control number (Sirsi) u129944
041 ## - LANGUAGE CODE
Language code of text/sound track or separate title eng
050 ## - LIBRARY OF CONGRESS CALL NUMBER
Classification number 630.0212
110 ## - MAIN ENTRY--CORPORATE NAME
Corporate name or jurisdiction name as entry element DEFRA
245 ## - TITLE STATEMENT
Title Farm incomes in the United Kingdom 1997/98-
260 ## - PUBLICATION, DISTRIBUTION, ETC.
Place of publication, distribution, etc. London
Name of publisher, distributor, etc. TSO
Date of publication, distribution, etc. 1997-
520 ## - SUMMARY, ETC.
Summary, etc. Provides a comprehensive analyses of income developments From 1997/98 onwards
690 ## - LOCAL SUBJECT ADDED ENTRY--TOPICAL TERM (OCLC, RLIN)
Topical term or geographic name as entry element ENVIRONMENTAL AND LAND CONSULTANCY-AGRIBUSINESS-AGRICULTURE
856 ## - ELECTRONIC LOCATION AND ACCESS
Uniform Resource Identifier <a href="https://www.defra.gov.uk/evidence/statistics/foodfarm/farmmanage/fbs/fiuk/documents/fiuk-1998.pdf">https://www.defra.gov.uk/evidence/statistics/foodfarm/farmmanage/fbs/fiuk/documents/fiuk-1998.pdf</a>
Public note View the item free of charge at www.defra.gov.uk
942 ## - ADDED ENTRY ELEMENTS (KOHA)
Suppress in OPAC 0
Holdings
Withdrawn status Lost status Source of classification or shelving scheme Damaged status Not for loan Home library Current library Shelving location Date acquired Total Checkouts Full call number Barcode Date last seen Copy number Price effective from Koha item type
    Dewey Decimal Classification     Virtual Virtual Online 07/06/2005   ONLINE PUBLICATION 129944-2001 06/08/2019 1 06/08/2019 Book